000
00290nam a22001217a 4500
020
_a
9781668052273
082
_a
973.934 WOO/W
100
_a
Woodward,Bob
245
_a
War/
_c
by Bob Woodward
260
_a
. -New York
_b
: Simon & Schuster
_c
, 2024
300
_a
435 pages
942
_2
ddc
_c
BK
999
_c
749048
_d
749048